[Event "Alekhine's Weapon Exposed "]
[Site "SchemingMind.com"]
[Date "2007.02.06"]
[Round "-"]
[White "keen"]
[Black "tacticrules"]
[Result "1-0"]
[WhiteCountry "SCO"]
[BlackCountry "GER"]
[WhiteElo "1749"]
[WhiteRD "62"]
[BlackElo "1554"]
[BlackRD "51"]
[GameID "90592"]

1. e4 Nf6 2. e5 Nd5 3. d4 d6 4. Nf3 g6 5. Bc4 Nb6 6. Bb3 Bg7 7. O-O O-O 8. Bf4 Nc6 9. c3 Bg4 10. Nbd2 dxe5
11. dxe5 Bxf3 12. Qxf3 Nxe5 13. Qg3 Nc6 14. Rad1 e5 15. Be3 Qe7 16. Ne4 Rad8 17. Bg5
1-0

[Event "Alekhine's Weapon Exposed "]
[Site "SchemingMind.com"]
[Date "2007.02.06"]
[Round "-"]
[White "tacticrules"]
[Black "keen"]
[Result "0-1"]
[WhiteCountry "GER"]
[BlackCountry "SCO"]
[WhiteElo "1554"]
[WhiteRD "51"]
[BlackElo "1749"]
[BlackRD "62"]
[GameID "90593"]

1. e4 Nf6 2. e5 Nd5 3. d4 d6 4. Nf3 g6 5. Bd3 Bg7 6. O-O Nc6 7. c3 O-O 8. Re1 Bg4 9. Nbd2 dxe5 10. h3 Bxf3
11. Nxf3 exd4 12. Bb5 dxc3 13. Bxc6 bxc6 14. Rb1 Rb8 15. b3 Nb4 16. Qxd8 Rbxd8 17. Ba3 Nc2
0-1

[Event "Alekhine's Weapon Exposed "]
[Site "SchemingMind.com"]
[Date "2007.02.07"]
[Round "-"]
[White "jtrochez1"]
[Black "keen"]
[Result "0-1"]
[WhiteCountry "HON"]
[BlackCountry "SCO"]
[WhiteElo "1497"]
[WhiteRD "52"]
[BlackElo "1730"]
[BlackRD "57"]
[GameID "90956"]

1. e4 Nf6 2. e5 Nd5 3. c4 Nb6 4. d4 d6 5. exd6 cxd6 6. Nc3 g6 7. Bd2 Bg7 8. Be3 O-O 9. Be2 Nc6 10. a3 Bf5
11. Rc1 Rc8 12. b4 a6 13. Nd5 Nxd5 14. cxd5 Na7 15. Nf3 Be4 16. O-O Bxd5 17. Qd2 Qd7 18. Rxc8 Rxc8 19. Rc1 Rxc1+ 20. Qxc1 Qc6
21. Qxc6 Nxc6 22. h4 Nb8 23. Ng5 Nd7 24. Nh3 Bc6 25. Bc4 e6 26. Bb3 Nf6 27. a4 Nd5 28. Bxd5 Bxd5 29. a5 Bc6 30. Nf4 e5
31. dxe5 dxe5 32. Nd3 e4 33. Nc5 Bc3 34. Nxa6 bxa6 35. Bc5 f5 36. Kh2 Kf7 37. g3 Ke6 38. Kg1 Kd5 39. Kf1 Kc4 40. Ke2 Bxb4
41. Bxb4 Kxb4
0-1

[Event "Alekhine's Weapon Exposed "]
[Site "SchemingMind.com"]
[Date "2007.02.08"]
[Round "-"]
[White "jtrochez1"]
[Black "tacticrules"]
[Result "1/2-1/2"]
[WhiteCountry "HON"]
[BlackCountry "GER"]
[WhiteElo "1497"]
[WhiteRD "52"]
[BlackElo "1577"]
[BlackRD "50"]
[GameID "90957"]

1. e4 Nf6 2. e5 Nd5 3. c4 Nb6 4. d4 d6 5. Qe2 g6 6. exd6 cxd6 7. Nc3 Bg7 8. Be3 Nc6 9. Rd1 O-O 10. g3 e6
11. Bg2 Bd7 12. a3 f5 13. f4 e5 14. d5 Ne7 15. Qc2 Rc8 16. b3 exf4 17. Bxf4 Re8 18. Nge2 Kh8 19. O-O Ng8 20. Qd3 Qf6
21. Rde1 Re7 22. Qd2 h6 23. Be3 Rce8 24. Bd4 Qf7 25. Bxg7+ Qxg7 26. Nf4 Rxe1=
1/2-1/2

[Event "Alekhine's Weapon Exposed "]
[Site "SchemingMind.com"]
[Date "2007.02.08"]
[Round "-"]
[White "keen"]
[Black "jtrochez1"]
[Result "1-0"]
[WhiteCountry "SCO"]
[BlackCountry "HON"]
[WhiteElo "1730"]
[WhiteRD "57"]
[BlackElo "1497"]
[BlackRD "52"]
[GameID "90958"]

1. e4 Nf6 2. e5 Nd5 3. d4 Nc6 4. Nf3 e6 5. Be2 Be7 6. O-O O-O 7. c4 Nb6 8. Nc3 d5 9. c5 Nd7 10. a3 Re8
11. Be3 a6 12. Bd3 b6 13. Qc2 g6 14. Nd2 Bf8 15. f4 Bg7 16. Nf3 Ne7 17. cxb6 Nxb6 18. b3 Nf5 19. Bxf5 exf5 20. Rac1 c6
21. Na2 Bb7 22. Bd2 Rc8 23. Ba5 f6 24. Nc3 Bf8 25. Na4 Qe7 26. Bxb6 fxe5 27. fxe5 Qxa3 28. Bc5 Bxc5 29. Nxc5 Qb4 30. Nd7 Re7
31. Nf6+ Kg7 32. Rfd1 Rcc7 33. Qd3 a5 34. Ng5 Qb6 35. Ngxh7 c5 36. Rxc5 Rxc5 37. dxc5 Qc6 38. Qxd5 Qxd5 39. Rxd5 Bxd5 40. Nxd5 Rxe5
41. Nhf6 Kf7 42. c6 Rxd5 43. Nxd5 Ke8 44. c7 Kd7 45. Kf2
1-0

[Event "Alekhine's Weapon Exposed "]
[Site "SchemingMind.com"]
[Date "2007.02.08"]
[Round "-"]
[White "tacticrules"]
[Black "jtrochez1"]
[Result "0-1"]
[WhiteCountry "GER"]
[BlackCountry "HON"]
[WhiteElo "1577"]
[WhiteRD "50"]
[BlackElo "1497"]
[BlackRD "52"]
[GameID "90959"]

1. e4 Nf6 2. e5 Nd5 3. d4 d6 4. Nf3 e6 5. c4 Nb6 6. Nc3 d5 7. Bd3 Be7 8. O-O dxc4 9. Bc2 c6 10. Re1 Nd5
11. Nxd5 cxd5 12. b3 b5 13. bxc4 bxc4 14. Rb1 Nc6 15. Bd2 Bd7 16. Qe2 h6 17. Red1 a5 18. a4 Nb4 19. Bxb4 axb4 20. Rdc1 b3
21. Bxb3 cxb3 22. Rxb3 Bxa4 23. Rbc3 O-O 24. Qd3 Rb8
0-1

[Event "Alekhine's Weapon Exposed "]
[Site "SchemingMind.com"]
[Date "2007.02.08"]
[Round "-"]
[White "trashy"]
[Black "jtrochez1"]
[Result "1-0"]
[WhiteCountry "POR"]
[BlackCountry "HON"]
[WhiteElo "1990"]
[WhiteRD "97"]
[BlackElo "1559"]
[BlackRD "45"]
[GameID "90977"]

1. e4 Nf6 2. Nc3 e5 3. Nf3 d6 4. h3 Be6 5. d4 Be7 6. dxe5 Nfd7 7. exd6 cxd6 8. Be2 a6 9. Bf4 Qc7 10. O-O O-O
11. Qd2 Rd8 12. Nd4 Nf8 13. Nd5 Bxd5 14. exd5 Nbd7 15. Rfe1 Nc5 16. Bf3 Bf6 17. c3 b5 18. Re2 Ng6 19. Bg3 Bxd4 20. Qxd4 Nd7
21. Rae1 Nf6 22. h4 Qc5 23. Qxc5 dxc5 24. h5 Nf8 25. d6 Ra7 26. Re7 N6d7 27. Bd5 Ne6 28. Bxe6 fxe6 29. R1xe6 Raa8 30. h6 gxh6
31. Rxh6 Nf8 32. Rc7 Rd7 33. Rxc5 Re8 34. Rc6 a5 35. Rh5 b4 36. Rxa5 bxc3 37. Rxc3 Ne6 38. Re3 Kf7 39. b4 Ng7 40. Rxe8 Nxe8
41. a4 Nxd6 42. Bxd6 Rxd6 43. Ra7+ Kg6 44. b5 Rb6 45. Ra6
1-0

[Event "Alekhine's Weapon Exposed "]
[Site "SchemingMind.com"]
[Date "2007.02.07"]
[Round "-"]
[White "trashy"]
[Black "keen"]
[Result "1-0"]
[WhiteCountry "POR"]
[BlackCountry "SCO"]
[WhiteElo "1968"]
[WhiteRD "102"]
[BlackElo "1730"]
[BlackRD "57"]
[GameID "90978"]

1. e4 Nf6 2. Nc3 g6 3. e5 Nh5 4. d4 d6 5. Be2 Ng7 6. exd6 cxd6 7. Bh6 Nd7 8. Qd2 Nf5 9. Bxf8 Nxf8 10. g4 Ng7
11. O-O-O Nfe6 12. Qh6 O-O 13. d5 Nc5 14. h4 e5 15. Nh3 Ne8 16. Ng5 Nf6 17. h5 a6 18. hxg6 fxg6 19. Nxh7 Rf7 20. Nxf6+ Qxf6
21. b4 Nd7 22. Bd3 Qf4+ 23. Qxf4 Rxf4 24. Bxg6 Rxg4 25. Bf5 Rg5 26. Be6+ Kg7 27. Ne4 Rg6 28. Rdg1 Nf8 29. Rxg6+ Nxg6 30. Bxc8 Rxc8
31. Nxd6 Rf8 32. Nxb7 Rb8 33. Nc5 Rxb4 34. d6 Rd4 35. Ne6+ Kf7 36. Nxd4 exd4 37. Rh7+ Ke8 38. Kd2 Kd8 39. Ra7 Ne5 40. Rxa6 Kd7
41. f4 Nc6 42. Rxc6 Kxc6 43. Kd3 Kxd6 44. Kxd4
1-0

[Event "Alekhine's Weapon Exposed "]
[Site "SchemingMind.com"]
[Date "2007.02.07"]
[Round "-"]
[White "trashy"]
[Black "tacticrules"]
[Result "1-0"]
[WhiteCountry "POR"]
[BlackCountry "GER"]
[WhiteElo "1968"]
[WhiteRD "102"]
[BlackElo "1577"]
[BlackRD "50"]
[GameID "90979"]

1. e4 Nf6 2. Nc3 d5 3. exd5 Nxd5 4. Bc4 Nxc3 5. Qf3 e6 6. dxc3 Be7 7. Ne2 O-O 8. Bf4 Bd6 9. Rd1 Qe7 10. O-O Nc6
11. Rfe1 Bxf4 12. Qxf4 e5 13. Qg3 Be6 14. Bxe6 Qxe6 15. b3 f5 16. Nc1 Rae8 17. f3 Kh8= 18. Nd3 f4 19. Qf2 a6 20. Nc5 Qc8
21. Qh4 b6 22. Ne4 Qf5 23. Rd3 Ne7 24. Red1 Ng6 25. Qf2 Re7 26. a4 Rfe8 27. c4 c5 28. Nd6
1-0

[Event "Alekhine's Weapon Exposed "]
[Site "SchemingMind.com"]
[Date "2007.02.12"]
[Round "-"]
[White "jtrochez1"]
[Black "trashy"]
[Result "0-1"]
[WhiteCountry "HON"]
[BlackCountry "POR"]
[WhiteElo "1559"]
[WhiteRD "45"]
[BlackElo "1990"]
[BlackRD "97"]
[GameID "90980"]

1. e4 Nf6 2. e5 Nd5 3. c4 Nb6 4. d4 d6 5. exd6 cxd6 6. Nc3 g6 7. Be3 Bg7 8. Rc1 O-O 9. Be2 Nc6 10. a3 e5
11. d5 Ne7 12. c5 dxc5 13. Bxc5 Bd7 14. Nf3 Rc8 15. Bxe7 Qxe7 16. O-O Qd6 17. Ne4 Qxd5 18. Qxd5 Nxd5 19. Nd6 Rxc1 20. Rxc1 Bc6
21. Nc4 Nf4 22. Bf1 Bxf3 23. gxf3 Rd8 24. b4 Bh6 25. Re1 f6 26. Kh1 b6 27. b5 Bf8 28. a4 Bc5 29. Ne3 Bxe3 30. fxe3 Nd3
31. Bxd3 Rxd3 32. Kg2 Ra3 33. Rd1 Rxa4 34. Rd7 Ra5 35. f4 exf4 36. exf4 Rxb5 37. Rxa7 Rb3 38. Rb7 b5 39. h3 b4 40. Kh2 Rb2+
41. Kg3 b3 42. h4 Rb1 43. f5 b2 44. fxg6 Rg1+ 45. Kh3 b1=Q 46. gxh7+ Qxh7 47. Rxh7 Kxh7
0-1

[Event "Alekhine's Weapon Exposed "]
[Site "SchemingMind.com"]
[Date "2007.02.08"]
[Round "-"]
[White "keen"]
[Black "trashy"]
[Result "0-1"]
[WhiteCountry "SCO"]
[BlackCountry "POR"]
[WhiteElo "1737"]
[WhiteRD "58"]
[BlackElo "1990"]
[BlackRD "97"]
[GameID "90981"]

1. e4 Nf6 2. e5 Nd5 3. d4 d6 4. Nf3 Bg4 5. Be2 e6 6. O-O Be7 7. c4 Nb6 8. Nbd2 O-O 9. h3 Bh5 10. b3 Nc6
11. Bb2 a5 12. Ne4 d5 13. Ng3 Bxf3 14. gxf3 dxc4 15. bxc4 a4 16. a3 Na5 17. c5 Nd5 18. Qxa4 Nf4 19. Bd1 Nxh3+ 20. Kh2 Nf4
21. Qc2 b6 22. Qe4 Ng6 23. Bc2 bxc5 24. Rad1 Qb8 25. Bc3 cxd4 26. Rxd4 Rd8 27. Rxd8+ Qxd8 28. Rd1 Qb8 29. Rb1 Qa7 30. Bd4 c5
31. Be3 Rb8 32. Rxb8+ Qxb8 33. f4 Qb7 34. Qa4 Qc7 35. Ne4 Nb7 36. Qa8+ Nf8 37. Qa7 Qc6 38. Qa8 f5 39. exf6 gxf6 40. a4 Qb6
41. Qe8 Qc7 42. Qh5 Ng6 43. Ng3 f5 44. Qf3 Nh4 45. Qh5 Qc6 46. f3 Nxf3+ 47. Kh3 Nh4 48. Qe2 Na5 49. Bb1 c4 50. Bd4 Nb3
51. Bc3 Nc1 52. Qb2 Qf3 53. Bh8 Qg4+ 54. Kh2 Nf3+ 55. Kg2 Ne1+ 56. Kh2 Qh4+ 57. Kg1 Qxg3+ 58. Kh1 Qh3+
0-1

[Event "Alekhine's Weapon Exposed "]
[Site "SchemingMind.com"]
[Date "2007.02.08"]
[Round "-"]
[White "tacticrules"]
[Black "trashy"]
[Result "0-1"]
[WhiteCountry "GER"]
[BlackCountry "POR"]
[WhiteElo "1577"]
[WhiteRD "50"]
[BlackElo "1968"]
[BlackRD "102"]
[GameID "90982"]

1. e4 Nf6 2. Nc3 d5 3. exd5 Nxd5 4. Nxd5 Qxd5 5. Nf3 Bg4 6. Be2 Nc6 7. O-O O-O-O 8. h3 Bh5 9. c3 e5 10. Re1 f6
11. Qa4 Be8 12. Qc2 Bd6 13. d4 exd4 14. cxd4 Bg6 15. Qc3 Bb4
0-1

[Event "Alekhine's Weapon Exposed "]
[Site "SchemingMind.com"]
[Date "2007.02.08"]
[Round "-"]
[White "markjburden"]
[Black "jtrochez1"]
[Result "1-0"]
[WhiteCountry "GBR"]
[BlackCountry "HON"]
[WhiteElo "1748"]
[WhiteRD "61"]
[BlackElo "1495"]
[BlackRD "52"]
[GameID "91013"]

1. e4 Nf6 2. e5 Nd5 3. d4 Nc6 4. c4 Ndb4 5. a3 Na6 6. Nf3 e6 7. Bd3 Be7 8. Qc2 h6 9. b4 Naxb4 10. axb4 Nxb4
11. Qb3 Nxd3+ 12. Qxd3 d6 13. O-O O-O 14. Nc3 d5 15. cxd5 Bd7 16. dxe6 fxe6 17. d5 exd5 18. Qxd5+ Kh8 19. Qxb7 Bg4 20. Ne1 Bc5
21. Ra4 Bd7 22. Rf4 Rxf4 23. Bxf4 c6 24. Nf3 a6 25. Rd1 Ra7 26. Qxc6 Qb6 27. Qxb6 Bxb6 28. Nd5 Bd8 29. Be3 Rb7 30. Nd4 a5
31. e6 Ba4 32. Re1 Be8 33. e7 Bxe7 34. Bc1 Rd7 35. Rxe7 Rxd5 36. Rxe8+ Kh7 37. Nf3 g5 38. h3 a4 39. Kf1 Rd1+ 40. Re1 Rxe1+
41. Kxe1 Kg6 42. Ne5+ Kf5 43. Nd3 h5 44. Nc5 h4 45. Nxa4 g4 46. hxg4+ Kxg4 47. Ke2 h3 48. gxh3+ Kxh3 49. f4 Kg4 50. Ke3
1-0

[Event "Alekhine's Weapon Exposed "]
[Site "SchemingMind.com"]
[Date "2007.02.07"]
[Round "-"]
[White "markjburden"]
[Black "keen"]
[Result "1-0"]
[WhiteCountry "GBR"]
[BlackCountry "SCO"]
[WhiteElo "1748"]
[WhiteRD "61"]
[BlackElo "1749"]
[BlackRD "62"]
[GameID "91014"]

1. e4 Nf6 2. e5 Nd5 3. Nf3 d6 4. c4 Nb6 5. d4 g6 6. Be3 Bg7 7. exd6 cxd6 8. Be2 O-O 9. O-O Nc6 10. a3 Bf5
11. Nc3 Nd7 12. Rc1 Nf6 13. b4 a6 14. d5 Nb8 15. Nd4 Bd7 16. f3 Re8 17. Bf2 Nh5 18. Ne4 Nf4 19. Be3 Nxe2+ 20. Qxe2 Bc8
21. f4 Nd7 22. f5 Ne5 23. fxg6 hxg6 24. Ng5 Ng4 25. Bd2 Bxd4+ 26. Kh1 Nf6 27. Ne6 Bxe6 28. dxe6 Kg7 29. exf7 Kxf7 30. Qf3 Kg7
31. Qf4 e5 32. Qh6+ Kf7 33. Qh7+ Ke6 34. Qxb7 Rh8 35. Rce1 Rxh2+ 36. Kxh2 Ng4+ 37. Kh3 Nf2+ 38. Kg3 Qf8 39. Qd5+ Kd7 40. Re2 Qe7
41. Qb7+
1-0

[Event "Alekhine's Weapon Exposed "]
[Site "SchemingMind.com"]
[Date "2007.02.08"]
[Round "-"]
[White "markjburden"]
[Black "tacticrules"]
[Result "1/2-1/2"]
[WhiteCountry "GBR"]
[BlackCountry "GER"]
[WhiteElo "1748"]
[WhiteRD "61"]
[BlackElo "1554"]
[BlackRD "51"]
[GameID "91015"]

1. e4 Nf6 2. d3 e5 3. f4 exf4 4. Bxf4 d6 5. Be2 Be7 6. Nd2 Nc6 7. Ngf3 O-O 8. O-O Bg4 9. h3 Bh5 10. Ng5 Bxe2
11. Qxe2 h6 12. Ngf3 Re8 13. Qf2 Bf8 14. Rae1 Ne5 15. Bh2 Nxf3+ 16. Qxf3 c6 17. Nc4 b5 18. Ne3 d5 19. exd5 cxd5 20. Ng4 Nxg4
21. Qxg4 Qb6+ 22. d4 Bd6=
1/2-1/2

[Event "Alekhine's Weapon Exposed "]
[Site "SchemingMind.com"]
[Date "2007.02.08"]
[Round "-"]
[White "markjburden"]
[Black "trashy"]
[Result "0-1"]
[WhiteCountry "GBR"]
[BlackCountry "POR"]
[WhiteElo "1748"]
[WhiteRD "61"]
[BlackElo "1993"]
[BlackRD "114"]
[GameID "91016"]

1. e4 Nf6 2. Nc3 d5 3. e5 Nfd7 4. d4 e6 5. Bd3 c5 6. Be3 Nc6 7. Bb5 a6 8. Bxc6 bxc6 9. Nf3 cxd4 10. Nxd4 c5
11. Nf3 d4 12. Nxd4 cxd4 13. Bxd4 Bb7 14. O-O Bc5 15. Bxc5 Nxc5 16. Qe2 O-O 17. Rad1 Qb6 18. Rb1 Qc6 19. f3 a5 20. Rfe1 Ba6
21. Qf2 Rab8 22. a3 Rfc8 23. Ne4 Nxe4 24. Rxe4 Qxc2
0-1

[Event "Alekhine's Weapon Exposed "]
[Site "SchemingMind.com"]
[Date "2007.02.08"]
[Round "-"]
[White "jtrochez1"]
[Black "markjburden"]
[Result "0-1"]
[WhiteCountry "HON"]
[BlackCountry "GBR"]
[WhiteElo "1511"]
[WhiteRD "47"]
[BlackElo "1732"]
[BlackRD "59"]
[GameID "91017"]

1. e4 Nf6 2. e5 Nd5 3. c4 Nb6 4. d4 d6 5. exd6 exd6 6. Nc3 Nc6 7. a3 Bd7 8. Be3 Qe7 9. Be2 O-O-O 10. h3 g6
11. d5 Nb8 12. Bxb6 axb6 13. Nf3 Bg7 14. Qb3 Na6 15. O-O Bxc3 16. Qxc3 h5 17. Rfe1 Qf8 18. b4 f6 19. Rec1 g5 20. c5 dxc5
21. Bxa6 bxa6 22. a4 g4 23. Nd4 gxh3 24. g3 h4 25. bxc5 Qxc5 26. Qxc5 bxc5 27. Rxc5 hxg3 28. fxg3 Rh5 29. Kh2 Bg4 30. Nc6 Re8
31. Ra2 Kd7 32. Rd2 Kd6 33. Rcc2 Re4 34. a5 Rxd5 35. Nd8 Rxd2+ 36. Rxd2+ Kc5 37. Nf7 Kb4 38. Ng5 fxg5
0-1

[Event "Alekhine's Weapon Exposed "]
[Site "SchemingMind.com"]
[Date "2007.02.08"]
[Round "-"]
[White "keen"]
[Black "markjburden"]
[Result "1/2-1/2"]
[WhiteCountry "SCO"]
[BlackCountry "GBR"]
[WhiteElo "1749"]
[WhiteRD "62"]
[BlackElo "1748"]
[BlackRD "61"]
[GameID "91018"]

1. e4 Nf6 2. e5 Nd5 3. d4 d6 4. Nf3 Bg4 5. Be2 Nc6 6. O-O h6 7. h3 Bf5 8. c4 Nb6 9. Nc3 g5 10. Bd3 Bxd3
11. Qxd3 Bg7 12. Re1 d5 13. b3 e6 14. Bb2 Qd7 15. c5 Nc8 16. Nh2 N8e7 17. Ng4 O-O-O 18. a3 Nf5 19. Ne2 Rdf8 20. b4 h5
21. Ne3 Nce7 22. Nc2 g4 23. a4 gxh3 24. Qxh3 Ng6 25. b5 c6 26. bxc6 Qxc6 27. Nb4 Qd7 28. c6 bxc6 29. Rac1 Nge7 30. Rc5 Bh6
31. Qc3 Kc7 32. Bc1 Rc8 33. Bxh6 Nxh6 34. Rc1 Kd8 35. Ng3 Nhf5 36. Nxf5 exf5 37. Qg3 Qe6 38. Qg7 Qh6 39. Qxf7 Rc7 40. Nxd5 Rf8
41. Qxe7+ Rxe7 42. Rxc6 Qxc1+ 43. Rxc1 Rb7 44. Nf6 Rb4 45. d5 Rxa4 46. Nxh5 Rf7 47. e6 Rc7 48. Rd1 Re7 49. Ng3 Rf4 50. Nh5 Ra4
51. g3 Ra6 52. Nf4 Rd6 53. Kg2 a5 54. Rb1 Kc7 55. Rb5 Ra6 56. Rc5+ Kd6 57. Rc8 Rg7 58. Rd8+ Ke7 59. Rd7+ Kf8 60. Rd8+ Ke7
61. Rd7+ Kf8 62. Rd8+=
1/2-1/2

[Event "Alekhine's Weapon Exposed "]
[Site "SchemingMind.com"]
[Date "2007.02.08"]
[Round "-"]
[White "tacticrules"]
[Black "markjburden"]
[Result "0-1"]
[WhiteCountry "GER"]
[BlackCountry "GBR"]
[WhiteElo "1577"]
[WhiteRD "50"]
[BlackElo "1669"]
[BlackRD "62"]
[GameID "91019"]

1. e4 Nf6 2. Nc3 d5 3. exd5 Nxd5 4. Nf3 Nb6 5. d4 e6 6. Bf4 Nc6 7. Bb5 Bd7 8. O-O Be7 9. Re1 O-O 10. Bxc6 Bxc6
11. Ne5 Be8 12. Ne2 Nd5 13. c4 Nxf4 14. Qd2 Ng6 15. Nxg6 fxg6 16. Ng3 Bf7 17. Rac1 a5 18. a3 Re8 19. c5 Bxc5 20. Qc3 Bxd4
21. Qc2 Bb6 22. Rcd1 Qf6 23. Ne4 Qe7 24. Ng3 Rf8 25. Rd2 Rad8 26. Red1 Rxd2 27. Rxd2 Rd8 28. Re2 Qd7 29. Re1 Qd4 30. b4 axb4
31. axb4 Qxb4 32. Rb1 Qf4 33. Rf1 Rd2 34. Qc1 Rxf2
0-1

[Event "Alekhine's Weapon Exposed "]
[Site "SchemingMind.com"]
[Date "2007.02.08"]
[Round "-"]
[White "trashy"]
[Black "markjburden"]
[Result "1-0"]
[WhiteCountry "POR"]
[BlackCountry "GBR"]
[WhiteElo "1993"]
[WhiteRD "114"]
[BlackElo "1748"]
[BlackRD "61"]
[GameID "91020"]

1. e4 Nf6 2. Nc3 e6 3. d4 Bb4 4. Bd3 O-O 5. Ne2 b6 6. Bg5 h6 7. Bh4 g5 8. Bg3 Bb7 9. O-O c5 10. dxc5 Bxc5
11. e5 Nd5 12. Ne4 Nc6 13. Nxc5 bxc5 14. f4 Nd4 15. Nxd4 cxd4 16. Qh5 Kg7 17. f5 exf5 18. Rxf5 Nf6 19. exf6+
1-0

[Event "Alekhine's Weapon Exposed "]
[Site "SchemingMind.com"]
[Date "2007.02.08"]
[Round "-"]
[White "Dr_Pat"]
[Black "jtrochez1"]
[Result "1-0"]
[WhiteCountry "USA"]
[BlackCountry "HON"]
[WhiteElo "1559"]
[WhiteRD "50"]
[BlackElo "1495"]
[BlackRD "52"]
[GameID "91104"]

1. e4 Nf6 2. e5 Nd5 3. d4 e6 4. c4 Nb6 5. Nc3 d5 6. c5 N6d7 7. Nf3 Be7 8. Bd3 c6 9. Qa4 Nf8 10. O-O Ng6
11. Bd2 Nd7 12. Rac1 b5 13. Nxb5 cxb5 14. Bxb5 a6 15. c6 O-O 16. cxd7 Bb7 17. Bd3 Qb6 18. Ba5 Qxb2 19. Rc2 Qa3 20. Qxa3 Bxa3
21. Rb1 Be7 22. Bxg6 fxg6 23. Rxb7 g5 24. Rc6 h6 25. Rxe6 Rf7 26. Rc7 Rb8 27. Rc8+ Rf8 28. Rxb8 Rxb8 29. Rxe7 Kh7 30. Re8 Rb5
31. d8=Q Rb1+ 32. Be1 Kg6 33. Qd7
1-0

[Event "Alekhine's Weapon Exposed "]
[Site "SchemingMind.com"]
[Date "2007.02.08"]
[Round "-"]
[White "Dr_Pat"]
[Black "keen"]
[Result "0-1"]
[WhiteCountry "USA"]
[BlackCountry "SCO"]
[WhiteElo "1559"]
[WhiteRD "50"]
[BlackElo "1749"]
[BlackRD "62"]
[GameID "91105"]

1. e4 Nf6 2. e5 Nd5 3. d4 d6 4. c4 Nb6 5. Nc3 dxe5 6. dxe5 Qxd1+ 7. Nxd1 Nc6 8. Bf4 Nd4 9. Bd3 Be6 10. Ne2 Nxe2
11. Bxe2 O-O-O 12. O-O Nxc4 13. Bxc4 Bxc4 14. Re1 e6 15. Ne3 Bb5 16. Bg5 Rd7 17. Rad1 h6 18. Bh4 g5 19. Bg3 Bb4 20. Rxd7 Kxd7
21. Rd1+ Ke7 22. Ng4 Be2 23. Rd4 Bc5 24. Ra4 b5 25. Re4 Bxg4 26. Rxg4 Rd8 27. Kf1 Rd1+ 28. Ke2 Rb1 29. b3 Rb2+ 30. Kd3 Rxa2
31. h4 Bxf2 32. Bxf2 Rxf2 33. hxg5 hxg5 34. Rxg5 c5
0-1

[Event "Alekhine's Weapon Exposed "]
[Site "SchemingMind.com"]
[Date "2007.02.08"]
[Round "-"]
[White "Dr_Pat"]
[Black "markjburden"]
[Result "0-1"]
[WhiteCountry "USA"]
[BlackCountry "GBR"]
[WhiteElo "1519"]
[WhiteRD "49"]
[BlackElo "1732"]
[BlackRD "59"]
[GameID "91106"]

1. e4 Nf6 2. e5 Nd5 3. d4 d6 4. c4 Nb6 5. exd6 exd6 6. Nc3 Nc6 7. Nf3 Bg4 8. Be2 Qe7 9. O-O O-O-O 10. Be3 d5
11. c5 Nc4 12. b3 Nxe3 13. fxe3 Qxe3+ 14. Kh1 Qxc3 15. Rc1 Qe3 16. Re1 Bxf3 17. Bxf3 Qxd4 18. Qxd4 Nxd4
0-1

[Event "Alekhine's Weapon Exposed "]
[Site "SchemingMind.com"]
[Date "2007.02.08"]
[Round "-"]
[White "Dr_Pat"]
[Black "tacticrules"]
[Result "0-1"]
[WhiteCountry "USA"]
[BlackCountry "GER"]
[WhiteElo "1559"]
[WhiteRD "50"]
[BlackElo "1554"]
[BlackRD "51"]
[GameID "91107"]

1. e4 Nf6 2. e5 Nd5 3. d4 d6 4. c4 Nb6 5. Nc3 g6 6. Nf3 Bg7 7. Be2 Bg4 8. O-O Bxf3 9. Bxf3 c6 10. Bg5 O-O
11. c5 dxc5 12. dxc5 N6d7 13. Re1 h6 14. Be3 e6 15. Bd4 b6 16. cxb6 Nxb6 17. Bc5 Re8 18. Qxd8 Rxd8 19. g3 Rd2 20. b3 Rc2
21. Bb4 a5
0-1

[Event "Alekhine's Weapon Exposed "]
[Site "SchemingMind.com"]
[Date "2007.02.12"]
[Round "-"]
[White "Dr_Pat"]
[Black "trashy"]
[Result "0-1"]
[WhiteCountry "USA"]
[BlackCountry "POR"]
[WhiteElo "1559"]
[WhiteRD "50"]
[BlackElo "1993"]
[BlackRD "114"]
[GameID "91108"]

1. e4 Nf6 2. e5 Nd5 3. d4 d6 4. c4 Nb6 5. exd6 cxd6 6. Nc3 g6 7. Nf3 Bg7 8. Bd3 Nc6 9. O-O Bg4 10. d5 Ne5
11. h3 Nxf3+ 12. gxf3 Bxh3 13. Re1 O-O 14. Bg5 Re8 15. Ne2 Bxb2 16. Rb1 Bg7 17. Nf4 Bd7 18. Kg2 f6 19. Bh4 g5
0-1

[Event "Alekhine's Weapon Exposed "]
[Site "SchemingMind.com"]
[Date "2007.02.09"]
[Round "-"]
[White "jtrochez1"]
[Black "Dr_Pat"]
[Result "0-1"]
[WhiteCountry "HON"]
[BlackCountry "USA"]
[WhiteElo "1511"]
[WhiteRD "47"]
[BlackElo "1519"]
[BlackRD "49"]
[GameID "91109"]

1. e4 Nf6 2. e5 Nd5 3. c4 Nb6 4. d4 d5 5. c5 N6d7 6. Nc3 e6 7. Nf3 Be7 8. Bd3 b6 9. b4 a5 10. b5 bxc5
11. a4 cxd4 12. Nxd4 Nxe5 13. Be2 O-O 14. O-O c5 15. Nf3 Nxf3+ 16. Bxf3 Bd6 17. h3 Nd7 18. Bd2 Bb7 19. Ne2 Ne5 20. Kh1 Nxf3
21. gxf3 d4 22. Ng3 c4 23. Ne4 Qh4 24. Nxd6 Qxh3+ 25. Kg1 Bxf3 26. Qxf3 Qxf3 27. Nxc4 Qg4+ 28. Kh1 Rfc8 29. Ne5 Qh5+
0-1

[Event "Alekhine's Weapon Exposed "]
[Site "SchemingMind.com"]
[Date "2007.02.09"]
[Round "-"]
[White "keen"]
[Black "Dr_Pat"]
[Result "1-0"]
[WhiteCountry "SCO"]
[BlackCountry "USA"]
[WhiteElo "1749"]
[WhiteRD "62"]
[BlackElo "1559"]
[BlackRD "50"]
[GameID "91110"]

1. e4 Nf6 2. e5 Nd5 3. d4 d6 4. Nf3 dxe5 5. dxe5 e6 6. Bd3 Be7 7. O-O O-O 8. c3 c5 9. Re1 Nc6 10. Na3 Bd7
11. Qc2 g6 12. Nc4 b5 13. Ncd2 a6 14. Ne4 c4 15. Be2 Qc7 16. Bh6 Rfe8 17. Ng3 Nxe5 18. Nxe5 Qxe5 19. Bxc4 Qc7 20. Bd3 b4
21. c4 Rac8 22. Rac1 Nf4 23. Be4 Qxc4 24. Qxc4
1-0

[Event "Alekhine's Weapon Exposed "]
[Site "SchemingMind.com"]
[Date "2007.02.08"]
[Round "-"]
[White "markjburden"]
[Black "Dr_Pat"]
[Result "1-0"]
[WhiteCountry "GBR"]
[BlackCountry "USA"]
[WhiteElo "1732"]
[WhiteRD "59"]
[BlackElo "1519"]
[BlackRD "49"]
[GameID "91111"]

1. e4 Nf6 2. e5 Nd5 3. Nc3 Nb6 4. d4 e6 5. Nf3 Be7 6. Bd3 O-O 7. Be3 Nc6 8. a3 a5 9. Ne2 d6 10. c3 dxe5
11. dxe5 Nd7 12. Qc2 g6 13. h4 Ndxe5 14. Nxe5 Nxe5 15. O-O-O Nxd3+ 16. Rxd3 Bd6 17. g4 b5 18. h5 b4 19. cxb4 axb4 20. a4 Bb7
21. Rg1 Be4 22. Rxd6 Qxd6 23. Qxe4 Rxa4 24. Qd4 Qxd4 25. Bxd4 Ra1+ 26. Kc2 Rxg1 27. Nxg1 gxh5 28. gxh5 Rd8 29. Be3 Rd5 30. h6 c5
31. b3 f5 32. Nh3 Kf7 33. Ng5+ Kg6 34. Nxe6 Re5 35. Nxc5 Rxe3 36. fxe3 Kxh6 37. Nd3 Kg5 38. Nxb4 h5 39. Nd3 h4 40. Nf4 Kg4
41. Kd3
1-0

[Event "Alekhine's Weapon Exposed "]
[Site "SchemingMind.com"]
[Date "2007.02.09"]
[Round "-"]
[White "tacticrules"]
[Black "Dr_Pat"]
[Result "1-0"]
[WhiteCountry "GER"]
[BlackCountry "USA"]
[WhiteElo "1554"]
[WhiteRD "51"]
[BlackElo "1559"]
[BlackRD "50"]
[GameID "91112"]

1. e4 Nf6 2. e5 Nd5 3. d4 d6 4. Nf3 dxe5 5. Nxe5 e6 6. Bd3 Bd6 7. O-O Nd7 8. c4 Nb4 9. Nxd7 Bxd7 10. a3 Nxd3
11. Qxd3 O-O 12. Nc3 c5 13. dxc5 Bxc5 14. Bf4 Rc8 15. b4 Be7 16. Rac1 Bf6 17. Rfe1 Re8 18. Qe4 Bc6 19. Qc2 a6 20. Red1 Qb6
21. Be3 Qc7 22. Ne2 g6 23. Bf4 e5 24. Bg3 h5 25. h3 Rcd8 26. b5 Rxd1+ 27. Rxd1 Bxb5 28. Qe4
1-0